| 000 | 01131cam a22002654a 4500 | ||
|---|---|---|---|
| 999 |
_c234452 _d234452 |
||
| 001 | 12105973 | ||
| 003 | Nust | ||
| 005 | 20170321105702.0 | ||
| 008 | 000714s2001 nyua b 001 0 eng | ||
| 010 | _a 00058895 | ||
| 020 | _a0195133846 | ||
| 040 |
_aDLC _cDLC _dDLC |
||
| 042 | _apcc | ||
| 050 | 0 | 0 |
_aGE42 _b.W458 2001 |
| 082 | 0 | 0 |
_a179.1 WEN _221 |
| 100 | 1 | _aWenz, Peter S. | |
| 245 | 1 | 0 |
_aEnvironmental ethics today / _cPeter S. Wenz. |
| 260 |
_aNew York : _bOxford University Press, _c2001. |
||
| 300 |
_axv, 351 p. : _bill. ; _c24 cm. |
||
| 500 | _aP.B | ||
| 504 | _aIncludes bibliographical references and index. | ||
| 650 | 0 | _aEnvironmental ethics. | |
| 856 | 4 | 2 |
_3Publisher description _uhttp://www.loc.gov/catdir/enhancements/fy0610/00058895-d.html |
| 856 | 4 | 1 |
_3Table of contents only _uhttp://www.loc.gov/catdir/enhancements/fy0610/00058895-t.html |
| 906 |
_a7 _bcbc _corignew _d1 _eocip _f20 _gy-gencatlg |
||
| 942 |
_2ddc _cBK _k179.1 WEN |
||